000 00905cam a22002174a 4500
020 _a3823613499 (pbk.)
040 _cDLC
082 _a634 MAR 2001 A051 Or.
245 1 4 _aThe role of resource tenure, finance, and social security in rural development /
246 1 4 _aRole of resource tenure, finance & social security in rural development
260 _aWeikersheim :
_bMargraf,
_cc2001.
300 _avi, 217 p. :
_bill. ;
_c24 cm.
500 _a"Papers presented at the Deutsche Tropentag (DTT) 1999 'Knowledge Partnership--Challenges and Perspectives for Research and Education at the Turn of the Millennium' that was held at Humboldt University from Oct. 14th to 15th, 1999 in Berlin"--Pref.
650 0 _aRural development
650 0 _aRural credit
650 0 _aLand tenure
700 1 _aKnerr, Béatrice.
700 1 _aKirk, Michael,
700 1 _aBuchenrieder, Gertrud.
942 _cEK
999 _c14767
_d14767